000 00447nam a22001337a 4500
008 170313b xxu||||| |||| 00| 0 eng d
020 _a9780671663537````````````````````````````````````````````````````````````````````````````````````````````````````````````````````````````````````````````````````````````````````
041 _aeng
080 _a591
100 _a7
101 _aSHM
245 _aSWCRET GARDEN
_cBODANIS.D
942 _2udc
_cBK
999 _c7711
_d7711